« Retourner aux résultats de recherche
Charmante librairie des jours heureux (La)
| Auteur principal: | Jenny Colgan |
|---|---|
| D'autres auteurs: | Laure Motet |
| Support: | Livres |
| Langue: | Francais |
| Publié: |
2020 Prisma media Gennevilliers (Hauts-de-Seine) |
| Genre: |
Roman |
| Sujets: | |
| Étiquettes: |
Ajouter
Pas de Tags !
|
| LEADER | 01477nam0a2200181 450 | ||
|---|---|---|---|
| 001 | 16834653 | ||
| 010 | |a 978-2-8104-2900-4 |b Br. |d 19,95 | ||
| 100 | |a 20200702d2020 u u0frey01 ba | ||
| 101 | 1 | |a fre |c eng | |
| 200 | 0 | |a Charmante librairie des jours heureux (La) |f Jenny Colgan |g trad. Laure Motet | |
| 207 | 1 | |a | |
| 210 | |a Gennevilliers (Hauts-de-Seine) |c Prisma media |d 2020 | ||
| 330 | |a Et si cette petite librairie dans les Highlands écossais était le secret du bonheur et d'une nouvelle vie ? Un feel good book enthousiasmant ! Nina est fière de travailler à la bibliothèque de Birmingham, mais elle se rend compte qu'au lieu de vivre au milieu des livres qu'elle adore, elle passe surtout son temps dans l'arrière-salle à faire de l'informatique. Tout ce qui faisait sa joie a disparu et lui manque terriblement : le contact avec les gens, papoter avec les habitués, s'assurer que chaque lecteur va trouver le livre qui lui convient... C'est alors qu'elle répond à un projet un peu fou. Et si elle montait une petite librairie itinérante dans les Highlands écossais ? Un minuscule stock de livres, mais pas d'ordinateur ! Et qui sait, malgré le froid rigoureux, peut-être trouvera-t-elle un nouveau sens à sa vie dans cette communauté chaleureuse ? | ||
| 700 | 0 | |a Colgan |b Jenny |4 70 | |
| 702 | 0 | |a Motet |b Laure |4 730 | |
| 900 | |a Roman | ||
| 901 | |a Accessible au prêt | ||
| 995 | |a Bibliothèque |c Bibliothèque |f 024020677 |h 024020677 |k R COL |o p |q a |r az |e Bibliothèque | ||
